| 000 | 01058cam a2200265 a 4500 | ||
|---|---|---|---|
| 001 | 000011603 | ||
| 005 | 20200929162512.0 | ||
| 008 | 030203s2001 cu a 000 0 spa d | ||
| 020 | _a9591006551 | ||
| 035 | _a(OCoLC)ocm52422521 | ||
| 035 | _a(OCoLC)52422521 | ||
| 040 |
_aDO-SdBNP _cUIU _dOCLCQ _dBNPHU _dDLC |
||
| 050 | 0 | 0 |
_aZ250.3 _b.M84 2001 |
| 082 |
_aNN _bM948c |
||
| 245 | 0 | 0 |
_aMuestras de los carácteres de letras de la Imprenta de Marina de la propiedad de don José Severino Boloña : _bestablecida en la casa número noventa y cinco calle de Villegas, Habana : Imprenta de la Marina de este apostadero por S.M, año de 1836. |
| 250 | _aEd. fascimilar. | ||
| 260 |
_aLa Habana, (Cuba) : _bLetras Cubanas, _c2001. |
||
| 300 |
_a48, [50] p. : _bil. ; _c28 cm. |
||
| 650 | 0 |
_aType ornaments _vSpecimens. _927440 |
|
| 650 | 0 |
_aType and type-founding _zCuba _zHavana. _927441 |
|
| 650 | 0 |
_aPrinting _vSpecimens _zCuba _zHavana. _927442 |
|
| 700 | 1 |
_aBoloña, Jose Severino, _dd. 1852? _927443 |
|
| 910 | _aCatalogación por copia / LC | ||
| 049 | _aBNGR | ||
| 999 |
_c11298 _d11298 |
||